000 01819 am a2200553 a 4500
005 20240625080547.0
008 100629s2003||||sp a f |||| 001 0 spa d
020 _a8420537829
041 _aspa
092 _c540
_l65
_sPET
100 1 _aPetrucci, Ralph H.
_91142
245 _aQuímica general.
_bT.1 Enlace químico y estructura de la materia /
_cRalph H. Petrucci
250 _a8a ed.
_bTraducción Concepción Pando G. Pumarino y Nerea Iza Cabo.
260 _aMadrid:
_bPearson Prentice Hall;
_c2003.
300 _a1-577 p.
_c215 x 270 cm.
500 _aPetrucci, R. H., Harwood, W. H. y Herring, F. G. (2003). Química general. T.1 Enlace químico y estructura de la materia. (8a ed.). Madrid : Pearson Prentice Hall.
653 _aPropiedades de la materia y su medida
653 _aAtomos y la teoría atómica
653 _aCompuestos químicos
653 _aReacciones químicas
653 _aIntroducción a las reacciones en disolución acuosa
653 _aGases
653 _aTermoquímica
653 _aGases atmosféricos e hidrogeno
653 _aElectrones en los átomos
653 _aTabla periódica y algunas propiedades atómicas
653 _aEnlace químico I: Conceptos básicos
653 _aEnlace químico II: Aspectos adicionales
653 _aLíquidos, sólidos y fuerzas intermoleculares
653 _aDisoluciones y sus propiedades físicas
700 1 _aHarwood, William H.
_91143
700 1 _aHerring, F. Geoffrey.
_91144
930 _a1414
930 _a1415
930 _a1416
930 _a1417
930 _a1418
930 _a1419
930 _a1420
930 _a1421
930 _a1422
930 _a1423
930 _a1424
930 _a1425
930 _a1426
930 _a1427
930 _a1428
942 _2ddc
_cBK
999 _c433
_d433